[Event "EU-chT U18"]
[Site "Terme Catez"]
[Date "2025.07.11"]
[Round "7.4"]
[White "Soucek, Jan"]
[Black "Kejna, Piotr"]
[Result "1/2-1/2"]
[WhiteElo "2309"]
[BlackElo "2288"]
[PlyCount "106"]
[EventDate "2025.07.05"]
[EventType "team-swiss"]
[EventRounds "7"]
[EventCountry "SLO"]
[SourceTitle "CB29_2025"]
[SourceDate "2025.07.16"]
[SourceVersion "1"]
[SourceVersionDate "2025.07.16"]
[SourceQuality "1"]
[WhiteTeam "Czech Republic"]
[BlackTeam "Poland"]
[WhiteTeamCountry "CZE"]
[BlackTeamCountry "POL"]

1. d4 e6 2. Nf3 Nf6 3. e3 b6 4. Bd3 Bb7 5. 0-0 c5 6. b3 d5 7. Bb2 Bd6 8. Nbd2 Nbd7 9. Ne5 Qc7 10. f4 0-0 11. Nxd7 Nxd7 12. dxc5 Nxc5 13. Bxh7+ Kxh7 14. Qh5+ Kg8 15. Bxg7 f6 16. Bxf8 Bxf8 17. Rf3 Qh7 18. Qg4+ Kf7 19. f5 exf5 20. Qd4 Bd6 21. Rh3 Qxh3 22. gxh3 Be5 23. Qh4 Bxa1 24. Qh7+ Ke6 25. b4 Nd7 26. Nf3 d4 27. Nxd4+ Bxd4 28. exd4 Bd5 29. h4 Rc8 30. h5 Rxc2 31. Qg8+ Kd6 32. Qg3+ Kc6 33. b5+ Kxb5 34. Qd6 Kc4 35. Qxd7 Be4 36. Qxa7 Kd3 37. Qa3+ Ke2 38. Qa6+ Ke3 39. Qa3+ Ke2 40. Qa6+ Ke3 41. Qf1 f4 42. Qe1+ Kxd4 43. Qb4+ Kd3 44. Qd6+ Ke3 45. Qxb6+ Kf3 46. Qb3+ Ke2 47. Qb5+ Bd3 48. Qb1 f3 49. Qf1+ Ke3 50. Qe1+ Kf4 51. Qh4+ Ke3 52. Qe1+ Kf4 53. Qh4+ Ke3 1/2-1/2

[Event "EU-chT U18"]
[Site "Terme Catez"]
[Date "2025.07.06"]
[Round "2.4"]
[White "Yalcinkaya, Efe"]
[Black "Soucek, Jan"]
[Result "0-1"]
[WhiteElo "2225"]
[BlackElo "2309"]
[PlyCount "122"]
[EventDate "2025.07.05"]
[EventType "team-swiss"]
[EventRounds "7"]
[EventCountry "SLO"]
[SourceTitle "CB29_2025"]
[SourceDate "2025.07.16"]
[SourceVersion "1"]
[SourceVersionDate "2025.07.16"]
[SourceQuality "1"]
[WhiteTeam "Turkey"]
[BlackTeam "Czech Republic"]
[WhiteTeamCountry "TUR"]
[BlackTeamCountry "CZE"]

1. e4 e6 2. b3 d5 3. Bb2 Nf6 4. e5 Nfd7 5. d4 c5 6. c3 Nc6 7. Nd2 Qb6 8. Ngf3 f6 9. Bd3 fxe5 10. Nxe5 Ndxe5 11. dxe5 Nxe5 12. Qh5+ Nf7 13. c4 g6 14. Qe2 d4 15. h4 Bd7 16. Ne4 0-0-0 17. Nf6 Bh6 18. 0-0 Bg7 19. Nxd7 Rxd7 20. Rae1 Re7 21. Bc1 Bf6 22. Qf3 e5 23. h5 Bg7 24. hxg6 hxg6 25. Qg4+ Qe6 26. Qxg6 Nd6 27. Qxe6+ Rxe6 28. f3 Bh6 29. Bxh6 Rhxh6 30. Re2 Rh5 31. Rfe1 Kc7 32. f4 Nf7 33. g4 Rh4 34. Bf5 Reh6 35. fxe5 Ng5 36. Kg2 d3 37. Bxd3 Rxg4+ 38. Kf2 Rh2+ 39. Ke3 Rh3+ 40. Kd2 Nf3+ 41. Kc2 Nxe1+ 42. Rxe1 Rg2+ 43. Kc3 Rgg3 44. Rd1 Re3 45. Kc2 Rxe5 46. Rd2 Reh5 47. Be2 R5h4 48. Rd5 b6 49. Re5 Rh2 50. Kd3 Rd4+ 51. Ke3 Kd6 52. Rg5 Rh7 53. Rg6+ Kc7 54. Re6 Kd7 55. Rf6 Re7+ 56. Kf3 Rd2 57. Bf1 Rxa2 58. Bh3+ Kc7 59. Be6 Rb2 60. Bd5 Rxb3+ 61. Kf4 Rb1 0-1

[Event "CZE-ch Amateurs"]
[Site "Hluk"]
[Date "2025.05.14"]
[Round "6"]
[White "Bures, Vit"]
[Black "Soucek, Jan"]
[Result "0-1"]
[WhiteElo "2234"]
[BlackElo "2288"]
[PlyCount "51"]
[EventDate "2025.05.06"]
[EventType "swiss"]
[EventRounds "9"]
[EventCountry "CZE"]
[SourceTitle "CB20_2025"]
[SourceDate "2025.05.14"]
[SourceVersion "1"]
[SourceVersionDate "2025.05.14"]
[SourceQuality "1"]

1. d4 Nf6 2. c4 e6 3. Nc3 Bb4 4. e3 Nc6 5. Bd3 e5 6. d5 e4 7. dxc6 Bxc3+ 8. bxc3 exd3 9. Qxd3 bxc6 10. Ba3 d6 11. Ne2 0-0 12. 0-0 Ba6 13. Rfd1 Re8 14. Ng3 c5 15. Qc2 Qc8 16. e4 Bxc4 17. Bc1 Qa6 18. f3 Rab8 19. Bg5 Nd7 20. Nf5 Qa3 21. Bc1 Qa5 22. Bf4 Be6 23. Ne3 Nb6 24. Rdc1 Na4 25. Qf2 Rb2 26. Qe1 0-1

[Event "CZE-ch Amateurs"]
[Site "Hluk"]
[Date "2025.05.10"]
[Round "8"]
[White "Hajek, Oskar"]
[Black "Soucek, Jan"]
[Result "1/2-1/2"]
[WhiteElo "2220"]
[BlackElo "2288"]
[PlyCount "47"]
[EventDate "2025.05.06"]
[EventType "swiss"]
[EventRounds "9"]
[EventCountry "CZE"]
[SourceTitle "CB20_2025"]
[SourceDate "2025.05.14"]
[SourceVersion "1"]
[SourceVersionDate "2025.05.14"]
[SourceQuality "1"]

1. e4 c5 2. Nf3 e6 3. d4 cxd4 4. Nxd4 Nf6 5. Nc3 Nc6 6. Ndb5 Bb4 7. a3 Bxc3+ 8. Nxc3 d5 9. exd5 exd5 10. Bd3 0-0 11. 0-0 Bg4 12. f3 Bh5 13. Bg5 Qb6+ 14. Kh1 Ne4 15. Nxe4 dxe4 16. Bxe4 Qxb2 17. Qb1 Qb6 18. Qxb6 axb6 19. Rfb1 Bg6 20. Bxg6 hxg6 21. Be3 Rfc8 22. c3 Na5 23. Bxb6 Rxc3 24. Bxa5 1/2-1/2

[Event "CZE-ch Amateurs Blitz"]
[Site "Hluk"]
[Date "2025.05.09"]
[Round "7"]
[White "Bezdek, Tomas"]
[Black "Soucek, Jan"]
[Result "0-1"]
[WhiteElo "2082"]
[BlackElo "2036"]
[PlyCount "102"]
[EventDate "2025.05.09"]
[EventType "swiss (blitz)"]
[EventRounds "13"]
[EventCountry "CZE"]
[SourceTitle "CB20_2025"]
[SourceDate "2025.05.14"]
[SourceVersion "1"]
[SourceVersionDate "2025.05.14"]
[SourceQuality "1"]

1. e4 c5 2. Nf3 e6 3. c3 Nf6 4. e5 Nd5 5. d4 cxd4 6. cxd4 d6 7. Nc3 Nxc3 8. bxc3 Qc7 9. Qb3 Nd7 10. Bf4 dxe5 11. Bxe5 Nxe5 12. Nxe5 a6 13. Qa4+ Bd7 14. Qxd7+ Qxd7 15. Nxd7 Kxd7 16. Kd2 Ba3 17. Rb1 b5 18. Rb3 Be7 19. c4 b4 20. Be2 a5 21. Rd3 Bg5+ 22. Kc2 Rhc8 23. Kb3 Be7 24. d5 a4+ 25. Kb2 Bf6+ 26. Kb1 e5 27. Bg4+ Kd6 28. Bxc8 Rxc8 29. Rc1 Be7 30. g4 Bg5 31. Rc2 e4 32. Rd4 Ke5 33. Rd1 Be7 34. Re1 Kf4 35. Rd1 Bd6 36. h3 Rc5 37. Rd4 Be5 38. Rd1 b3 39. Rcc1 b2 40. Rc2 a3 41. d6 Rc8 42. d7 Rd8 43. c5 g6 44. c6 Bc7 45. Rc3 Ra8 46. d8Q Bxd8 47. c7 Bxc7 48. Rxc7 Kf3 49. Rxf7+ Ke2 50. Rd4 Rc8 51. Rxe4+ Kf1 0-1

[Event "CZE-ch Amateurs Blitz"]
[Site "Hluk"]
[Date "2025.05.09"]
[Round "12"]
[White "Hak, David"]
[Black "Soucek, Jan"]
[Result "0-1"]
[WhiteElo "2181"]
[BlackElo "2036"]
[PlyCount "78"]
[EventDate "2025.05.09"]
[EventType "swiss (blitz)"]
[EventRounds "13"]
[EventCountry "CZE"]
[SourceTitle "CB20_2025"]
[SourceDate "2025.05.14"]
[SourceVersion "1"]
[SourceVersionDate "2025.05.14"]
[SourceQuality "1"]

1. d4 Nf6 2. c4 e6 3. Nc3 Bb4 4. e3 Nc6 5. Nge2 d5 6. a3 Bd6 7. c5 Be7 8. b4 0-0 9. Ng3 Re8 10. Be2 Bf8 11. 0-0 e5 12. b5 Na5 13. dxe5 Rxe5 14. Bb2 Re8 15. Qa4 c6 16. bxc6 bxc6 17. Qb4 Nd7 18. Na4 Rb8 19. Qc3 Qh4 20. Qxa5 Nxc5 21. Bd4 Nb3 22. Qc3 Nxa1 23. Rxa1 Bg4 24. Bxg4 Qxg4 25. h3 Qg6 26. Nc5 h5 27. Ne2 Rb1+ 28. Rxb1 Qxb1+ 29. Kh2 Bd6+ 30. g3 Qf1 31. Nf4 Qxf2+ 32. Kh1 Qxg3 33. Ncd3 g5 34. Qxc6 Rb8 35. Nb2 Bxf4 36. exf4 Qe1+ 37. Kg2 Qd2+ 38. Kf3 Qxd4 39. Qc2 Rxb2 0-1

[Event "CZE-chT1W 2425"]
[Site "Czech Republic"]
[Date "2025.04.06"]
[Round "11.6"]
[White "Vagner, Tomas"]
[Black "Soucek, Jan"]
[Result "1-0"]
[WhiteElo "2223"]
[BlackElo "2164"]
[PlyCount "131"]
[EventDate "2024.10.20"]
[EventType "team-tourn"]
[EventRounds "11"]
[EventCountry "CZE"]
[SourceTitle "CB16_2025"]
[SourceDate "2025.04.16"]
[SourceVersion "1"]
[SourceVersionDate "2025.04.16"]
[SourceQuality "1"]
[WhiteTeam "Kolesovice Cesky Lev"]
[BlackTeam "Pankrac"]
[WhiteTeamCountry "CZE"]
[BlackTeamCountry "CZE"]

1. g3 c5 2. c4 Nf6 3. Bg2 d5 4. cxd5 Nxd5 5. Nc3 Nc7 6. d3 Nc6 7. Bxc6+ bxc6 8. Qa4 Bb7 9. Nf3 f6 10. Be3 e5 11. Qa5 Qb8 12. Bxc5 Bxc5 13. Qxc5 Ne6 14. Qa3 c5 15. 0-0 0-0 16. Rac1 Bc6 17. Nd2 f5 18. Qb3 Qe8 19. Nc4 Rb8 20. Qd1 Nd4 21. f3 f4 22. g4 h5 23. h3 Qe7 24. Qe1 hxg4 25. hxg4 g6 26. Kg2 Kg7 27. Rh1 Rh8 28. Qf2 Nf5 29. Rxh8 Rxh8 30. Rh1 Rxh1 31. Kxh1 Ng3+ 32. Kg1 Kf6 33. Nd2 Kg7 34. Nf1 Nxf1 35. Kxf1 Qd6 36. Qh4 Qf8 37. Qg5 Qd6 38. Qh4 Qf8 39. g5 Qh8 40. Qxh8+ Kxh8 41. Ne4 Bxe4 42. dxe4 Kg7 43. e3 fxe3 44. Ke2 Kf7 45. Kxe3 Ke6 46. b3 Kd6 47. Kd3 Kc7 48. Kc4 Kc6 49. a3 a6 50. b4 cxb4 51. Kxb4 Kb6 52. a4 Kc6 53. Kc4 a5 54. Kd3 Kc5 55. Ke3 Kd6 56. f4 Ke6 57. Kf3 exf4 58. Kxf4 Kd6 59. Ke3 Ke5 60. Kd3 Kf4 61. Kd4 Kxg5 62. e5 Kh6 63. e6 Kg7 64. Ke5 g5 65. Kd6 g4 66. e7 1-0

[Event "CZE-chT1W 2324"]
[Site "Czech Republic"]
[Date "2024.03.24"]
[Round "10.4"]
[White "Soucek, Jan"]
[Black "Jurcik, Martin"]
[Result "1/2-1/2"]
[WhiteElo "2001"]
[BlackElo "2364"]
[PlyCount "54"]
[EventDate "2023.10.29"]
[EventType "team-tourn"]
[EventRounds "11"]
[EventCountry "CZE"]
[SourceTitle "EXT 2025"]
[Source "ChessBase"]
[SourceDate "2024.10.14"]
[SourceVersion "1"]
[SourceVersionDate "2024.10.14"]
[SourceQuality "1"]
[WhiteTeam "Praha Oaza II"]
[BlackTeam "Unichess"]
[WhiteTeamCountry "CZE"]
[BlackTeamCountry "CZE"]

1. d4 g6 2. e4 Bg7 3. Nc3 c6 4. Be3 d6 5. g3 b5 6. a3 Bb7 7. Bg2 Qc7 8. Nge2 Nf6 9. h3 Nbd7 10. 0-0 e5 11. d5 a6 12. dxc6 Bxc6 13. Bg5 h6 14. Bxf6 Nxf6 15. Qd3 0-0 16. Rad1 Rad8 17. g4 Rfe8 18. Rd2 Rd7 19. Nc1 Red8 20. Rfd1 d5 21. exd5 Nxd5 22. Nxd5 Bxd5 23. Bxd5 Rxd5 24. Qe2 Rxd2 25. Rxd2 Rxd2 26. Qxd2 Qc6 27. Ne2 Qf3 1/2-1/2

[Event "CZE-chT1W 2324"]
[Site "Czech Republic"]
[Date "2023.11.26"]
[Round "3.4"]
[White "Orsag, Milan"]
[Black "Soucek, Jan"]
[Result "1/2-1/2"]
[WhiteElo "2269"]
[BlackElo "2001"]
[PlyCount "70"]
[EventDate "2023.10.29"]
[EventType "team-tourn"]
[EventRounds "11"]
[EventCountry "CZE"]
[SourceTitle "EXT 2025"]
[Source "ChessBase"]
[SourceDate "2024.10.14"]
[SourceVersion "1"]
[SourceVersionDate "2024.10.14"]
[SourceQuality "1"]
[WhiteTeam "Neratovice"]
[BlackTeam "Praha Oaza II"]
[WhiteTeamCountry "CZE"]
[BlackTeamCountry "CZE"]

1. d4 Nf6 2. c4 e6 3. Nf3 Bb4+ 4. Bd2 Qe7 5. g3 Nc6 6. Nc3 Bxc3 7. Bxc3 Ne4 8. Rc1 0-0 9. Bg2 d6 10. d5 Nxc3 11. Rxc3 Nb8 12. dxe6 Bxe6 13. Nd4 c6 14. 0-0 Nd7 15. Re3 Ne5 16. b3 Ng4 17. Rd3 Rad8 18. h3 Nf6 19. e4 Bc8 20. Re1 Qc7 21. Ne2 Rfe8 22. Nc3 h6 23. Qd2 Nh7 24. Rd1 Qa5 25. Ne2 Qxd2 26. R1xd2 Ng5 27. Rxd6 Rxd6 28. Rxd6 Bxh3 29. Bxh3 Nxh3+ 30. Kf1 Ng5 31. Rd7 Nxe4 32. Rxb7 Nd2+ 33. Ke1 Ne4 34. Kf1 Nd2+ 35. Ke1 Ne4 1/2-1/2

[Event "CZE-chT2C 2122"]
[Site "Czech Republic"]
[Date "2021.12.05"]
[Round "4.7"]
[White "Zahorbensky, Jaroslav"]
[Black "Soucek, Jan"]
[Result "1/2-1/2"]
[WhiteElo "2070"]
[BlackElo "1848"]
[PlyCount "82"]
[EventDate "2021.10.17"]
[EventType "team-tourn"]
[EventRounds "11"]
[EventCountry "CZE"]
[SourceTitle "EXT 2025"]
[Source "ChessBase"]
[SourceDate "2024.10.14"]
[SourceVersion "1"]
[SourceVersionDate "2024.10.14"]
[SourceQuality "1"]
[WhiteTeam "Bakov nad Jizerou"]
[BlackTeam "Liberec Desko"]
[WhiteTeamCountry "CZE"]
[BlackTeamCountry "CZE"]

1. e4 c5 2. Nf3 e6 3. b3 b6 4. Bb2 Bb7 5. Bd3 Nf6 6. e5 Nd5 7. Be4 Ne3 8. dxe3 Bxe4 9. Nbd2 Bd5 10. Qe2 Be7 11. 0-0 0-0 12. Rad1 f6 13. e4 Bc6 14. exf6 Bxf6 15. e5 Be7 16. Ne4 Qe8 17. Rd3 Rf4 18. Nfd2 Qg6 19. Re1 Na6 20. Rg3 Qf5 21. Nf6+ Kh8 22. Nh5 Rh4 23. Qxa6 Qxh5 24. h3 Rf4 25. Qe2 Qf5 26. Rd3 Bh4 27. Rf1 Rf8 28. f3 Qg6 29. Bc1 R4f7 30. Nc4 Bb5 31. Rc3 Bg3 32. a4 Ba6 33. Rd1 Bxc4 34. bxc4 Qh5 35. Rcd3 Bxe5 36. g4 Qxh3 37. Qxe5 Rxf3 38. Qe2 Qxg4+ 39. Qg2 Qe4 40. Rxf3 Rxf3 41. Rxd7 Qe1+ 1/2-1/2